Score 0/14 Timer 02:00
8 Plays Today
% Correct
Cucumber
93.1%
Iceberg lettuce
92%
Celery
88.2%
Romaine lettuce
87%
Watercress
84.9%
Bok choy
80.8%
Zucchini
76.9%
% Correct
Asparagus
61.1%
Eggplant
58.4%
Sweet green pepper
57.1%
Broccoli rabe
57%
Radish
53.4%
Cauliflower
42.4%
White mushroom
36.7%
Remove Ads.
Support Sporcle.
Get the best of Sporcle when you Go Orange. This ad-free experience offers more features, more stats, and more fun while also helping to support Sporcle. Thank you for becoming a member.

You're not logged in!

Compare scores with friends on all Sporcle quizzes.
OR
Log In

Show Comments

Extras

Top Quizzes Today


Score Distribution

Your Account Isn't Verified!

In order to create a playlist on Sporcle, you need to verify the email address you used during registration. Go to your Sporcle Settings to finish the process.

Report this User

Report this user for behavior that violates our Community Guidelines.

Details: